| 000 | 01385cam a2200289 i 4500 | ||
|---|---|---|---|
| 003 | SA-RiAUC | ||
| 005 | 20250709133450.0 | ||
| 008 | 250703s1997 su ao g f000r0 ara c | ||
| 040 |
_aSA-RiAUC _bara _cSA-RiAUC _erda |
||
| 043 | _aa-su--- | ||
| 082 | 0 | 4 | _a 628.32 |
| 090 |
_a628.32 _bم ر ك |
||
| 110 | 2 |
_aمركز فقيه للأبحاث والتطوير (مكة المكرمة) _eمؤلف. |
|
| 245 | 1 | 0 |
_aإعادة استخدام المياه : _bأسلوب فعال للتغلب على نقص المياه وترشيدها بالمملكة العربية السعودية / _cمركز فقيه للأبحاث والتطوير. |
| 250 | _aالطبعة الثانية. | ||
| 264 | 1 |
_aمكة المكرمة : _bمركز فقيه للأبحاث والتطوير، _c[1997] |
|
| 300 |
_a105 صفحة : _bإيضاحيات، صور ؛ _c28 سم |
||
| 336 |
_aنص _btxt _2rdacontent _3كتاب |
||
| 337 |
_aبدون وسيط _bn _2rdamedia |
||
| 338 |
_aمجلد _bnc _2rdacarrier |
||
| 500 | _aعرض : لتجربة شركة مكة للإنشاء والتعمير. | ||
| 610 | 2 | 4 |
_aمركز فقيه للأبحاث والتطوير (مكة المكرمة) _2aucnm |
| 650 | 7 |
_aالصرف الصحي _xتنقية _xمعالجة بيولوجية _2aucsh |
|
| 650 | 7 |
_aالصرف الصحي _xتنقية _2aucsh |
|
| 942 |
_2ddc _cBOOK _n0 |
||
| 949 |
_aSA-JeALM _d250703 _umohamedma123 _n1 |
||
| 999 |
_c9675 _d9675 |
||